Hamlet /

Guardado en:
Autor Principal: Shakespeare, William
Formato: Libro
Publicado: Buenos Aires : Cántaro
Series:Colección del Mirador
Materias:
Etiquetas: Agregar Etiqueta
Sin Etiquetas, Sea el primero en etiquetar este registro!
LEADER 00892nam a22002655a 4500
001 CEM.cems011531
005 20070917170203.0
008 130507b######################000#0#####d
003 CEMS
020 |a 9507530452 
082 0 4 |a 822.3 
100 1 |a Shakespeare, William 
245 1 0 |a Hamlet /  |c William Shakespeare 
260 |a Buenos Aires :  |b Cántaro 
300 |a 205 p. 
490 0 |a Colección del Mirador 
653 |a Literatura 
653 |a Literatura inglesa 
653 |a Teatro 
653 |a Teatro ingles 
859 |a CEMS  |b BIB. CEMS - 11 de abril  |h 822.3  |i Sh14-13  |p 22500.04  |t Ej.1 
859 |a CEMS  |b BIB. CEMS - 11 de abril  |h 822.3  |i Sh14-13  |p 22501.04  |t Ej.2 
859 |a CEMS  |b BIB. CEMS - 11 de abril  |h 822.3  |i Sh14-13  |p 25649.09  |t Ej.3 
859 |a CEMS  |b BIB. CEMS - 11 de abril  |h 822.3  |i Sh14-13  |p 25650.09  |t Ej.4 
859 |a CEMS  |b BIB. CEMS - 11 de abril  |h 822.3  |i Sh14-13  |p 27198.15  |t Ej.5